00686nam a2200217Ia 4500008004100000020001800041020001800059040001800077041000800095100002500103245008900128260005500217300003300272500003200305500002200337650000900359650002800368650001900396700002700415700002600442130821s1999 sp a gr spa  a84 316 2554 6 a84 316 4590 3 aCo-BoUCMbspa00aspa1 aFernández, Antonio10aHistoria del artecAntonio Férnandez, Emilio Barnechea Salo y Juan R. Haro Sabater aBarcelona (España)beditorial Vicens Vivesc1999 a568 páginasbilustraciones aDonación UCM-C-ARRAYANES. aIncluye índice. aArte aArtexEscuelas europeas aArtexHistoria1 aBarnechea Salo, Emilio1 aHaro Sabater, Juan R.